La consumación en el delito de hurto: aspectos dogmáticos, jurisprudenciales y procesales

Guardat en:
Dades bibliogràfiques
Autor principal: Vera Sánchez, Juan Sebastián (Autor)
Format: Llibre
Idioma:espanyol
Publicat: Santiago Librotecnia 2011
Edició:1a. ed
Col·lecció:Colección Nuevos Autores. Centro de Estudios Ius Novum, 3
Matèries:
Etiquetes: Afegir etiqueta
Sense etiquetes, Sigues el primer a etiquetar aquest registre!

MARC

LEADER 00000cam a2200000 a 4500
001 UCG8630
003 CL-VaPUC
008 111223e20110800CL |||||||||||||||||spa|d
020 |a 9789563270518 
082 0 4 |a 345.2162  |b VER  |2 21 
100 0 |a Vera Sánchez, Juan Sebastián  |e author  |9 559733 
245 1 3 |a La consumación en el delito de hurto: aspectos dogmáticos, jurisprudenciales y procesales 
250 |a 1a. ed 
300 |a 358 p 
942 |c BK 
945 |d 20111223 00:00:00  |a dcastane 
260 |a Santiago  |b Librotecnia  |c 2011 
650 0 |a Hurto  |9 368483 
650 7 |a DERECHO PENAL  |2 CL-VaPUC  |9 11 
650 0 |a Bien jurídico protegido   |9 385533 
650 0 |a Jurisprudencia  |9 255952 
583 |a last modification  |c 20111223 12:06:00  |k Rodrigo Vera 
490 0 |a Colección Nuevos Autores. Centro de Estudios Ius Novum, 3 
999 |c 346234  |d 346232 
952 |0 0  |1 0  |4 0  |6 345_216200000000000_VER_2011  |7 0  |8 A  |9 446851  |a BIBDER  |b BIBDER  |d 2019-11-22  |i 4816153  |o 345.2162 VER 2011  |p 4816153  |r 2023-01-25  |w 2019-11-22  |y BK  |k DER